Les Miserables Song Lyrics - Statistics

General Stats
  • This quiz has been taken 1,720 times
    1,715 since last reset
  • The average score is 6 of 16
Answer Stats
Hint Answer % Correct
Do you hear the people sing, _______ _ ____ __ _____ ___? Singing the song of angry men
91%
One day more to revolution, we will ___ __ __ ___ ___. Nip it in the bud.
68%
On my own, pretending he's beside me, ___ _____, _ ____ ____ ___ ____ _______. All alone, I walk with him 'til morning.
63%
And I am Javert, do not forget my name, __ ___ ______ __, _____. do not forget me, 24601.
52%
There, out in the darkness, _ ________ _______, ______ ____ ___. a fugitive running, fallen from God.
47%
I dreamed that love would never die, _ _______ ____ ___ _____ __ _________. I dreamed that God would be forgiving.
47%
Red, the blood of angry men, _____, ___ ____ __ ____ ____. black, the dark of ages past.
44%
I know a place where no one's lost, I know a place where no one cries, ______ __ ___ __ ___ _______, ___ __ __ ______ __ _ _____. crying at all is not allowed, not in my castle on a cloud.
34%
There's a grief that can't be spoken, there's a pain goes on and on, _____ ______ __ _____ ______, ___ __ _______ ___ ____ ___ ____. empty chairs at empty tables, now my friends are dead and gone.
34%
Lovely ladies, waiting for a bite, _______ ___ ___ _________ ___ ____ ____ __ _____. waiting for the customers who only come at night.
32%
Master of the house, isn't worth my spit, _________, __________ ___ _______ ____! comforter, philosopher and lifelong shit!
24%
A heart full of love, _ _____ ____ __ ____. a heart full of song.
21%
At the end of the day you get nothing for nothing, _______ ____ __ ____ ___ ______ ___ ___ _____. sitting flat on your bum doesn't buy any bread.
20%
God on high, hear my prayer, __ __ ____, ___ ____ ______ ____ _____. in my need, you have always been there.
16%
Valjean, at last, we see each other plain, ________ __ _____, ___ ____ _ _________ _____. Monsieur le Mayor, you wear a different chain.
9%
Suddenly I see, suddenly it starts, ____ ___ _______ ______ ____ __ ___. when two anxious hearts beat as one.
2%
No matching quizzes found
Score Distribution
Percent of People with Each Score
Percentile by Number Answered
Your Score History
You have not taken this quiz since the last reset